000 00424pab a2200157 454500
008 180718b2000 xxu||||| |||| 00| 0 eng d
100 _aMoen, Phyllis
245 _aEffective work/life strategies: working couples, work conditions, gender, and life quality
260 _c2000
300 _ap.291-326
362 _aAug
650 _aWorking conditions
700 _aYu, Yan
773 _aSocial Problems
909 _a46684
999 _c46684
_d46684